[Event "AUTO-MASTER-1037"]
[Site "http://www.queenalice.com/game.php?id=727362"]
[Date "2010.2.6"]
[Round "1"]
[White "XadrezPirai"]
[Black "Mamediarov"]
[Result "1-0"]
[WhiteElo "2163"]
[BlackElo "1985"]

1. e4 c5 2. d4 cxd4 3. c3 dxc3 4. Nxc3 a6 5. Bc4 e6 6. Nf3 Nc6 7. O-O d6 8. Bg5
Be7 9. Bf4 g5 10. Be3 g4 11. Nd4 h5 12. f4 gxf3 13. Nxc6 bxc6 14. Qxf3 f6 15.
Rad1 Qa5 16. Qg3 Kf7 17. Qh4 Bd7 18. Rf5 Qb4 19. Rxh5 f5 20. Rh7+ Rxh7 21. Qxh7+
Kf8 22. Bd4 Bf6 23. Qxd7 Qxc4 24. Bxf6 Nxf6 25. Qxd6+ Kf7 26. Rd4 Qxd4+ 27. Qxd4
fxe4 28. Nxe4 1-0

[Event "AUTO-MASTER-974"]
[Site "http://www.queenalice.com/game.php?id=733499"]
[Date "2010.2.17"]
[Round "2"]
[White "TheAlchemist"]
[Black "XadrezPirai"]
[Result "1-0"]
[WhiteElo "2213"]
[BlackElo "2149"]

1. e4 c5 2. Nf3 Nc6 3. Bb5 Qb6 4. Nc3 e6 5. O-O Nf6 6. Re1 Be7 7. Bxc6 dxc6 8.
d3 O-O 9. e5 Nd5 10. Ne4 h6 11. c4 Nc7 12. Be3 Rd8 13. Qe2 Rb8 14. g4 Na6 15. g5
hxg5 16. Bxg5 Qc7 17. Bf6 gxf6 18. exf6 Kf8 19. Nfg5 Bxf6 20. Nxf6 Kg7 21. Nh5+
Kg8 22. Qg4 f5 23. Nf6+ Kf8 24. Ngh7+ Kf7 25. Qh5+ Ke7 26. Qxf5 Rh8 27. Nd5+
cxd5 28. Qf6+ Kd6 29. Qxh8 Bd7 30. Qe5+ Kc6 31. cxd5+ exd5 32. Nf6 Qxe5 33. Rxe5
Bh3 34. Rxd5 Rh8 35. Rh5 Rxh5 36. Nxh5 Nb4 37. Nf4 Bf5 38. h4 Kd6 39. a3 Nc2 40.
Rc1 Nd4 41. Kg2 b6 42. Re1 Nc2 43. Re8 Bd7 44. Rd8 Ke7 45. Rxd7+ Kxd7 46. Kf3
Ke7 47. Ne2 Kf6 48. Ke4 Na1 49. f4 Nb3 50. h5 Nd2+ 51. Kd5 Nf1 52. Kc6 Ne3 53.
Kb7 Nd1 54. Kxa7 Nxb2 55. Kxb6 c4 56. d4 c3 57. Nxc3 Nc4+ 58. Kc7 Nxa3 59. d5
Nc4 60. d6 1-0

[Event "AUTO-MASTER-974"]
[Site "http://www.queenalice.com/game.php?id=733500"]
[Date "2010.2.17"]
[Round "2"]
[White "XadrezPirai"]
[Black "TheAlchemist"]
[Result "1-0"]
[WhiteElo "2149"]
[BlackElo "2132"]

1. e4 e6 2. d4 d5 3. Nc3 Bb4 4. a3 Bxc3+ 5. bxc3 Ne7 6. e5 c5 7. Nf3 Bd7 8. Be3
Qa5 9. Qd2 c4 10. Be2 Nbc6 11. O-O Nf5 12. Rfb1 b5 13. Rb2 a6 14. Bg5 h6 15. Bf4
g5 16. Be3 Nce7 17. h3 Nxe3 18. Qxe3 Nf5 19. Qd2 Qd8 20. Rab1 Qe7 21. a4 Nh4 22.
Nxh4 gxh4 23. axb5 axb5 24. Bg4 h5 25. Bf3 Kf8 26. Qe2 Qg5 27. Qd1 Kg7 28. Ra1
Rxa1 29. Qxa1 Ra8 30. Qe1 Ra3 31. Rb1 Ra2 32. Qd1 Qf5 33. Rc1 b4 34. cxb4 Ba4
35. Qe1 Bxc2 36. Ra1 Rb2 37. Qd2 Rb3 38. Rc1 Be4 39. Bxe4 Qxe4 40. Qg5+ Qg6 41.
Qxh4 Rxb4 42. Kh2 Rb3 43. Rg1 c3 44. Ra1 c2 45. Rc1 Rc3 46. Qf4 Qh6 47. Qxh6+
Kxh6 48. f3 Kg5 49. g3 h4 50. Kg2 hxg3 51. Kxg3 Kf5 52. h4 f6 53. exf6 Kxf6 54.
Kf4 Kg6 55. Ke5 Re3+ 56. Kf4 Re2 57. Kg4 e5 58. dxe5 d4 59. f4 d3 60. Rg1 d2 61.
Kf3+ Kh5 62. Kxe2 c1=Q 63. Rd1 Kxh4 64. Rxd2 Kg4 65. e6 Qc4+ 66. Kf2 Qxe6 67.
Rd4 Qb6 68. Ke3 Qc5 69. Kd3 Kf3 70. Rc4 Qe3+ 71. Kc2 Ke2 72. Kb2 Kd2 73. Rc2+
Kd1 74. Rc4 Qd3 75. Rb4 Kd2 76. Rb3 Qd4+ 77. Kb1 Qxf4 78. Rb2+ Kc3 79. Rc2+ Kd3
80. Rb2 Qc4 81. Rg2 1-0

[Event "AUTO-MASTER-974"]
[Site "http://www.queenalice.com/game.php?id=733501"]
[Date "2010.2.17"]
[Round "2"]
[White "Farias_29"]
[Black "XadrezPirai"]
[Result "1-0"]
[WhiteElo "2410"]
[BlackElo "2170"]

1. d4 Nf6 2. c4 e5 3. dxe5 Ng4 4. Qd5 Nc6 5. Nf3 Bb4+ 6. Nc3 Qe7 7. Bg5 Bxc3+ 8.
bxc3 Qa3 9. Bd2 f6 10. exf6 Nxf6 11. Qd3 O-O 12. g3 d6 13. Bg2 Be6 14. Nd4 Ne5
15. Qc2 Bxc4 16. O-O Bd5 17. Rab1 Bxg2 18. Kxg2 b6 19. Ne6 Rf7 20. Bf4 Re8 21.
Bxe5 Rxe6 22. Bd4 d5 23. Bxf6 Rfxf6 24. Rb4 c6 25. e3 Rf7 26. Rh4 h6 27. c4 Qc5
28. Qd3 Rd6 29. Rd1 a6 30. a4 g5 31. Rg4 Rdf6 32. Rd2 Qf8 33. Qc2 dxc4 34. Rxc4
b5 35. Rcd4 Qe7 36. h4 gxh4 37. Rxh4 c5 38. Re4 Qb7 39. Kg1 Qc8 40. axb5 axb5
41. Rb4 Rb6 42. Qd1 Kh7 43. Rf4 Rc7 44. Rd8 Qe6 45. Rff8 1-0

[Event "AUTO-MASTER-974"]
[Site "http://www.queenalice.com/game.php?id=733502"]
[Date "2010.2.17"]
[Round "2"]
[White "XadrezPirai"]
[Black "Farias_29"]
[Result "0-1"]
[WhiteElo "2146"]
[BlackElo "2395"]

1. e4 c5 2. d4 cxd4 3. c3 Nf6 4. e5 Nd5 5. Nf3 Nc6 6. cxd4 d6 7. Qb3 dxe5 8.
dxe5 Be6 9. Qxb7 Ndb4 10. Bb5 Bd5 11. Nd4 Rb8 12. Bxc6+ Bxc6 13. Qxa7 Rb7 14.
Nxc6 Nc2+ 15. Ke2 Rxa7 16. Nxd8 Kxd8 17. Be3 Rb7 18. Rd1+ Ke8 19. Nc3 Nxa1 20.
Rxa1 Rxb2+ 21. Kd3 e6 22. a4 Kd7 23. Rd1 Be7 24. Nb5 Rc8 25. Ke4+ Ke8 26. Rd4
Rc6 27. Na7 Rcc2 28. Nb5 Bc5 29. Nd6+ Kf8 30. Rd1 Bxe3 31. fxe3 Rxg2 32. h3 Rgd2
33. Rxd2 Rxd2 34. a5 f5+ 35. Kf4 Rf2+ 36. Kg3 Ra2 37. Nb7 Ra3 38. Kf4 Ra4+ 39.
Kf3 Ke7 40. Ke2 g5 0-1

[Event "AUTO-MASTER-896"]
[Site "http://www.queenalice.com/game.php?id=741503"]
[Date "2010.3.5"]
[Round "2"]
[White "rheenz"]
[Black "XadrezPirai"]
[Result "1-0"]
[WhiteElo "2456"]
[BlackElo "2171"]

1. e4 c5 2. Nf3 Nc6 3. d4 cxd4 4. Nxd4 Nf6 5. Nc3 e5 6. Ndb5 d6 7. Nd5 Nxd5 8.
exd5 Nb8 9. Bd3 Na6 10. O-O Nc5 11. Be3 Nxd3 12. Qxd3 a6 13. Na3 f5 14. f4 e4
15. Qd4 Be7 16. Qxg7 Bf6 17. Qh6 Bxb2 18. Nc4 1-0

[Event "AUTO-MASTER-896"]
[Site "http://www.queenalice.com/game.php?id=741504"]
[Date "2010.3.5"]
[Round "2"]
[White "XadrezPirai"]
[Black "rheenz"]
[Result "0-1"]
[WhiteElo "2168"]
[BlackElo "2458"]

1. e4 e5 2. d4 exd4 3. c3 dxc3 4. Bc4 cxb2 5. Bxb2 Nc6 6. Nf3 Nf6 7. O-O Be7 8.
e5 Ng4 9. Nbd2 O-O 10. h3 Nh6 11. Qc2 d5 12. exd6 Qxd6 13. Bd3 Nb4 14. Bxh7+ Kh8
15. Qb1 f5 16. Be5 Qa6 17. Re1 Bc5 18. Ng5 Nd3 0-1

[Event "AUTO-MASTER-896"]
[Site "http://www.queenalice.com/game.php?id=741509"]
[Date "2010.3.5"]
[Round "2"]
[White "XadrezPirai"]
[Black "killtochess"]
[Result "0-1"]
[WhiteElo "2152"]
[BlackElo "2137"]

1. d4 Nf6 2. Bg5 d5 3. Nf3 b6 4. e3 Bb7 5. Nbd2 Nbd7 6. c4 e6 7. cxd5 exd5 8.
Ne5 Be7 9. Bb5 O-O 10. Nc6 Bxc6 11. Bxc6 Rc8 12. O-O h6 13. Bh4 Ne8 14. Bxd7
Qxd7 15. Bxe7 Qxe7 16. Qf3 Nf6 17. Rac1 c5 18. dxc5 bxc5 19. Rfd1 Rfd8 20. b3 a5
21. Qf5 g6 22. Qh3 Kg7 23. Qh4 d4 24. Nc4 dxe3 25. Nxe3 Rxd1+ 26. Rxd1 Rd8 27.
Rc1 Rd4 28. Qg3 Kh7 0-1

[Event "AUTO-MASTER-896"]
[Site "http://www.queenalice.com/game.php?id=741510"]
[Date "2010.3.5"]
[Round "2"]
[White "killtochess"]
[Black "XadrezPirai"]
[Result "1-0"]
[WhiteElo "2124"]
[BlackElo "2165"]

1. Nf3 f5 2. d4 Nf6 3. g3 e6 4. Bg2 d5 5. O-O Be7 6. c4 O-O 7. Ne5 dxc4 8. Nxc4
Nc6 9. e3 Bd7 10. Nc3 Rb8 11. a4 Be8 12. d5 exd5 13. Nxd5 Nxd5 14. Bxd5+ Bf7 15.
Bxf7+ Rxf7 16. b3 Bf6 17. Rb1 Rd7 18. Qf3 Rd5 19. Bb2 Bxb2 20. Rxb2 Qd7 21. b4
Rd8 22. b5 Ne7 23. Kg2 Ng6 24. h4 c5 25. h5 Nh8 26. a5 Nf7 27. Qf4 Qe7 28. Rc2
Nd6 29. Nxd6 1-0

[Event "Challenge"]
[Site "http://www.queenalice.com/game.php?id=837681"]
[Date "2010.9.25"]
[Round "-"]
[White "cleriston"]
[Black "XadrezPirai"]
[Result "1-0"]
[WhiteElo "2076"]
[BlackElo "2079"]

1. e4 e6 2. d4 d5 3. Nc3 dxe4 4. Nxe4 Bd7 5. Nf3 Bc6 6. Bd3 Nd7 7. O-O Ngf6 8.
Qe2 Nxe4 9. Bxe4 Bxe4 10. Qxe4 c6 11. c4 Nf6 12. Qh4 Be7 13. Re1 Qb6 14. Qg3 1-0

[Event "Challenge"]
[Site "http://www.queenalice.com/game.php?id=837682"]
[Date "2010.9.25"]
[Round "-"]
[White "XadrezPirai"]
[Black "cleriston"]
[Result "0-1"]
[WhiteElo "2097"]
[BlackElo "2058"]

1. g4 d5 2. Bg2 c6 3. c4 dxc4 4. Qc2 Bxg4 5. Qxc4 Nf6 6. d4 Nbd7 7. h3 Bf5 8.
Nf3 Nb6 9. Qc3 e6 10. Rg1 Nbd5 11. Qb3 Nb4 12. Na3 Qc7 0-1

[Event "AUTO-MASTER-1279"]
[Site "http://www.queenalice.com/game.php?id=863597"]
[Date "2010.11.25"]
[Round "1"]
[White "Guilherme_Ottoni"]
[Black "XadrezPirai"]
[Result "1-0"]
[WhiteElo "2110"]
[BlackElo "2160"]

1. e4 c5 2. Nf3 Nc6 3. Bb5 Qb6 4. Nc3 e6 5. Bxc6 bxc6 6. d3 d5 7. Qe2 Nf6 8. Bg5
Qxb2 9. O-O Qxc3 10. Rab1 c4 11. dxc4 Nxe4 12. cxd5 cxd5 13. Be3 Qf6 14. Bd4 Qd8
15. Qb5+ Qd7 16. Qb2 f6 17. h3 e5 18. Bc3 1-0

[Event "AUTO-MASTER-1279"]
[Site "http://www.queenalice.com/game.php?id=863598"]
[Date "2010.11.25"]
[Round "1"]
[White "XadrezPirai"]
[Black "Guilherme_Ottoni"]
[Result "0-1"]
[WhiteElo "2146"]
[BlackElo "2124"]

1. e4 e5 2. d4 exd4 3. c3 d5 4. Qxd4 dxe4 5. Qxd8+ Kxd8 6. Be3 Be6 7. Nd2 Nd7 8.
Nxe4 f5 9. Ng3 Ngf6 10. O-O-O Bd6 11. N1e2 Re8 12. Nf4 Bxf4 13. Bxf4 Kc8 14. Bb5
c6 15. Bd3 g6 16. Kb1 Nd5 17. Bd6 Bf7 0-1

[Event "AUTO-MASTER-1279"]
[Site "http://www.queenalice.com/game.php?id=863612"]
[Date "2010.11.25"]
[Round "1"]
[White "XadrezPirai"]
[Black "Famelo"]
[Result "0-1"]
[WhiteElo "2049"]
[BlackElo "2128"]

1. d4 Nf6 2. c4 g6 3. Nc3 Bg7 4. e4 d6 5. f3 O-O 6. Be3 Nc6 7. Nge2 e5 8. d5 Ne7
9. Qb3 c6 10. Ng3 cxd5 0-1